00482cam a2200169ua 4500001000400000008003900004040000900043082001000052245006000062250000900122260003500131300002400166653002200190653003500212700002800247700003700275854110421n ii |||gr||||Z||||||asm cMAIN a320.31 aTulonamulok sarkar aru rajniticby Kripesh Chandra Paul a3rd. aGuwahati:bArun prokashan,996. axiii, 436p.:c40cm. aPolitical science aTulonamulok sarkar aru rajniti aPaul, Kripesh Chandra., aNayak, Protul Chandra.,eAuthor.